Music Quiz

Random Music or Singers Quiz

Tom Petty Title Match-Up Quiz Stats

 Plays Quiz Updated Oct 2, 2017

Score 0/40 Timer 06:00
3 Plays Today
% Correct
Free
95%
Don't Come Around
92.1%
I Won't
90.3%
American
89.2%
Mary Jane's
86.4%
Into the Great
86.4%
Needles and
86.2%
Don't Do
86.1%
Runnin' Down
84.5%
All or
83.8%
Learning
83.7%
You Don't Know
80.8%
A Face
76.2%
It's Good
75.6%
Here Comes
75%
I Should Have
74.8%
What Are You
71.2%
Shadow
71.2%
A Mind With
70.2%
All the
68.6%
% Correct
Listen to
68.5%
Even the
66.6%
No Second
66.1%
Yer So
65.7%
You
63.9%
I Need
59.9%
The Best
59%
You Got
57.1%
Hometown
55.5%
Change
55.2%
Room
53%
Zombie
52.9%
Straight
49.9%
The
48.1%
Louisiana
46%
Too Much
46%
The Last
41.5%
Square
35.7%
Cabin
33.1%
Jammin'
27.7%

You're not logged in!

Compare scores with friends on all Sporcle quizzes.
OR
Log In

You Might Also Like...

Show Comments

Extras

Top Quizzes Today


Score Distribution

Your Account Isn't Verified!

In order to create a playlist on Sporcle, you need to verify the email address you used during registration. Go to your Sporcle Settings to finish the process.

Report this User

Report this user for behavior that violates our Community Guidelines.

Details: